000 00256nam a2200109Ia 4500
008 190216s9999||||xx |||||||||||||| ||und||
100 _aChangampuzha Krishan Pillai
245 0 _aVazhakula
260 _bReegal Panchami
650 _aKavithakal
942 _cBK
999 _c26598
_d26598